000 01159nam a2200289 a 4500
001 ebr10655244
003 CaPaEBR
006 m u
007 cr cn|||||||||
008 130227s2006 enkad sb 000 0 eng d
020 _z1847180566
020 _z9781847180568
020 _z9781443809283 (e-book)
040 _aCaPaEBR
_cCaPaEBR
035 _a(OCoLC)830838722
050 1 4 _aP40.5.L33
_bU53 2006eb
245 0 0 _aUndescribed and endangered languages
_h[electronic resource] :
_bthe preservation of linguistic diversity /
_cedited by Amedeo De Dominicis.
260 _aNewcastle :
_bCambridge Scholars Press,
_c2006.
300 _a165 p. :
_bill.
504 _aIncludes bibliographical references.
533 _aElectronic reproduction.
_bPalo Alto, Calif. :
_cebrary,
_d2013.
_nAvailable via World Wide Web.
_nAccess may be limited to ebrary affiliated libraries.
650 0 _aLanguage obsolescence.
655 7 _aElectronic books.
_2local
700 1 _aDominicis, Amedeo De.
710 2 _aebrary, Inc.
856 4 0 _uhttp://site.ebrary.com/lib/rucke/Doc?id=10655244
_zAn electronic book accessible through the World Wide Web; click to view
999 _c76261
_d76261